الفاظ الاشباه والنظائر

محفوظ في:

المؤلف الرئيسي: عبدالرحمن الانبارى.

التنسيق: كتاب

اللغة: Undetermined

منشور في: matbaeat 'abu aldaya 1885

الوسوم: إضافة وسم

لا توجد وسوم, كن أول من يضع وسما على هذه التسجيلة!

رقم الطلب: (R)P21 ANBA

LEADER 00377nam a2200121Ia 4500
008 240404s9999||||xx |||||||||||||| ||und||
050 4 |a (R)P21 ANBA 
100 1 |a عبدالرحمن الانبارى. 
245 1 0 |a الفاظ الاشباه والنظائر  |c عبدالرحمن الانبارى 
264 1 |b matbaeat 'abu aldaya   |c 1885 
300 |a 132  |c 24 
942 |2 lcc  |c BK 
999 |c 57991  |d 57991